| 000 | 00751cam a22002533a 4500 | ||
|---|---|---|---|
| 001 | 26492 | ||
| 003 | PGUSA | ||
| 005 | 20140828083554.0 | ||
| 008 | 080830s2008||||xxu|||||s|||||000 | eng d | ||
| 040 |
_aPGUSA _beng |
||
| 042 | _adc | ||
| 050 | 4 | _aQK | |
| 100 | 1 |
_aAtkinson, George Francis, _d1854-1918 |
|
| 245 | 1 | 0 |
_aStudies of American Fungi. Mushrooms, Edible, Poisonous, etc. _h[electronic resource] / _cGeorge Francis Atkinson |
| 260 |
_bProject Gutenberg, _c2008 |
||
| 506 | _aPublic domain in the USA. | ||
| 516 | _aElectronic text | ||
| 653 | _aMushrooms | ||
| 653 | _aCooking (Mushrooms) | ||
| 653 | _aFungi -- United States | ||
| 830 | 0 |
_aProject Gutenberg _v26492 |
|
| 856 | 4 | 0 | _uhttp://www.gutenberg.org/ebooks/26492 |
| 942 | _cEB | ||
| 999 |
_c255747 _d255747 |
||